00310nam a2200121Ia 4500100002400000650001200024654003000036245005200066260003500118082001500153300000800168546001200176 aKirkpatrick/ Betty  aGeneral aConcise oxford dictionary aConcise Oxford Thesaurus:Dictionary of Synonyus bOxford university pressc2000 a413.1bKIR a895 aENGLISH